Obres completes de Xavier Benguerel / (Record no. 31747)
[ view plain ]
| 000 -LEADER | |
|---|---|
| campo de control de longitud fija | 01057nam a2200265 i 4500 |
| 001 - NÚMERO DE CONTROL | |
| campo de control | 31747 |
| 003 - IDENTIFICADOR DE NÚMERO DE CONTROL | |
| campo de control | ES-MaACL |
| 005 - FECHA Y HORA DE LA ÚLTIMA TRANSACCIÓN | |
| campo de control | 20250607063013.0 |
| 007 - CAMPO FIJO DE DESCRIPCIÓN FÍSICA--INFORMACIÓN GENERAL | |
| campo de control de longitud fija | t| |
| 008 - DATOS DE LONGITUD FIJA--INFORMACIÓN GENERAL | |
| campo de control de longitud fija | 030130s1967 sp ||||1| cat d |
| 100 1# - ENTRADA PRINCIPAL--NOMBRE DE PERSONA | |
| Nombre de persona | Benguerel, Xavier, |
| Fechas asociadas al nombre | 1905-1990 |
| 9 (RLIN) | 27580 |
| 245 10 - MENCIÓN DEL TÍTULO | |
| Título | Obres completes de Xavier Benguerel / |
| Mención de responsabilidad, etc. | Cartapròleg de Josep Ferrater Mora ; retrat de l'autor... de Jaume Pla ; litografies de R. Calsina [y otros]. |
| 250 ## - MENCION DE EDICION | |
| Mención de edición | 1ª ed. |
| 260 ## - PUBLICACIÓN, DISTRIBUCIÓN, ETC. | |
| Lugar de publicación, distribución, etc. | Barcelona : |
| Nombre del editor, distribuidor, etc. | Rosa Vera, |
| Fecha de publicación, distribución, etc. | 1967. |
| 300 ## - DESCRIPCIÓN FÍSICA | |
| Extensión | 1 v. : |
| Otras características físicas | il. ; |
| Dimensiones | 25 cm. |
| 490 1# - MENCIÓN DE SERIE | |
| Mención de serie | Els Llibres de la Rosa Vera ; |
| Designación de volumen o secuencia | 1 |
| 500 ## - NOTA GENERAL | |
| Nota general | Es el t. 1. |
| 505 8# - NOTA DE CONTENIDO CON FORMATO | |
| Nota de contenido con formato | Contiene: I. Págines d'un adolescent, Suburbi Clementina, L'home dels prismàtics, La familía Rouquier, La veritat del foc, La màscara, L'home dins el mirall, 636 p., 3 h. |
| 700 1# - ENTRADA AGREGADA--NOMBRE PERSONAL | |
| Nombre de persona | Ferrater Mora, José. |
| 9 (RLIN) | 50338 |
| 700 1# - ENTRADA AGREGADA--NOMBRE PERSONAL | |
| Nombre de persona | Pla, Jaume. |
| 9 (RLIN) | 92472 |
| 700 0# - ENTRADA AGREGADA--NOMBRE PERSONAL | |
| Nombre de persona | Calsina, Ramón. |
| 9 (RLIN) | 33789 |
| 830 0# - PUNTO DE ACCESO ADICIONAL DE SERIE-TÍTULO UNIFORME | |
| Título uniforme | Els Llibres de la Rosa Vera ; |
| Designación de volumen o secuencia | 1 |
| 9 (RLIN) | 229386 |
| 852 ## - LOCALIZACIÓN | |
| Ubicación | ES-MaACL |
| Número de control de estantería | P-1235 |
| Sublocalización o colección | R.64727 |
| Estatus retirado | Estado de pérdida | Estado de daño | No para préstamo | Biblioteca de origen | Biblioteca actual | Ubicación en estantería | Fecha de adquisición | Fuente de adquisición | Total de préstamos | Signatura topográfica completa | Código de barras | Visto por última vez | Precio de reemplazo | Tipo de ítem Koha |
|---|---|---|---|---|---|---|---|---|---|---|---|---|---|---|
| Biblioteca del Ateneo de Madrid | Biblioteca del Ateneo de Madrid | Depósito 2 | 17/01/2008 | P-1235 | 1032823 | 23/02/2023 | 23/02/2023 | Libro impreso |
